Detalles MARC
| 000 -LÍDER |
| Campo fijo de descripción fija |
01336cam a2200361 i 4500 |
| 001 - NÚMERO DE CONTROL |
| Campo de control |
768714001 |
| 003 - IDENTIFICADOR DEL NÚMERO DE CONTROL |
| Campo de control |
CO-MdFUSB |
| 005 - FECHA Y HORA DE LA ULTIMA TRANSACCIÓN |
| control field |
20240227165327.0 |
| 007 - CAMPO FIJO DE DESCRIPCIÓN FIJA--INFORMACIÓN GENERAL |
| Campo fijo de descripción fija |
ta |
| 008 - ELEMENTOS DE LONGITUD FIJA -- INFORMACIÓN GENERAL |
| Campo fijo de descripción fija -- Información general |
010215t20011994enk b 000 0 eng |
| 020 ## - NÚMERO INTERNACIONAL NORMALIZADO PARA LIBROS |
| Número Internacional Normalizado del libro |
978083081246 |
| Información adicional |
2 |
| 040 ## - FUENTE DE CATALOGACIÓN |
| Agencia que realiza la transcripción |
CO-MdFUSB |
| 041 ## - CÓDIGO DE IDIOMA |
| Código de idioma para texto/pista de sonido o título separado |
eng |
| 082 ## - NÚMERO DE CLASIFICACIÓN DECIMAL DEWEY |
| Número de la edición del Dewey |
23 |
| Número de clasificación |
227.107 |
| Clave de autor-Numero de item |
ST888 |
| 100 1# - ASIENTO PRINCIPAL--NOMBRE PERSONAL |
| Nombre personal |
Stott, John R. W. |
| Término relacionador |
autor |
| 245 14 - TÍTULO |
| Título del Material |
The message of Romans : |
| Parte restante del título - Subtitulo |
God's good news for the world |
| Mención de responsabilidad, etc. |
/ autor y editor John R.W. Stott |
| 264 #1 - PRODUCCIÓN, PUBLICACIÓN, DISTRIBUCIÓN, MANUFACTURA, Y COPYRIGHT |
| Lugar de producción, publicación, distribución, manufactura |
Leicester, England ; |
| -- |
Downers Grove, Ill. : |
| Nombre del productor, publicador, distribuidor |
InterVarsity Press, |
| Fecha de producción, publicación, distribución, manufactura, o copyright |
[2001] |
| 264 #4 - PRODUCCIÓN, PUBLICACIÓN, DISTRIBUCIÓN, MANUFACTURA, Y COPYRIGHT |
| Fecha de producción, publicación, distribución, manufactura, o copyright |
©1994 |
| 300 ## - DESCRIPCIÓN FÍSICA |
| Extensión |
406 páginas ; |
| Dimensiones |
23 cm |
| 336 ## - TIPO DE CONTENIDO |
| Término de tipo de contenido |
texto |
| Código de tipo de contenido |
txt |
| Fuente |
rdacontent. |
| 337 ## - TIPO DE MEDIO |
| Nombre del tipo de medio |
sin mediación |
| Código del tipo de medio |
n |
| Fuente |
rdamedia. |
| 338 ## - TIPO DE SOPORTE |
| Nombre del tipo de soporte |
volumen |
| Código Tipo de soporte |
nc |
| Fuente |
rdacarrier. |
| 490 1# - MENCIÓN DE SERIE |
| Mención de serie |
The Bible speaks today. |
| 504 ## - NOTA DE BIBLIOGRAFÍA, ETC. |
| Nota de bibliografía, etc |
Incluye referencias bibliográficas. |
| 505 ## - NOTA DE CONTENIDO |
| Nota de contenido con formato preestablecido |
Conclusión: La providencia de Dios en el ministerio de Pablo (15:14-16:27) -- Su servicio apostólico (15:14-22) -- Sus planes de viaje (15:23-33) -- Su recomendación y saludos (16:1-16) -- Sus advertencias, mensajes y doxología (16:17-27). |
| 563 ## - NOTA DE ENCUADERNACIÓN |
| Nota de encuadernación |
Rustico |
| 630 07 - TITULO UNIFORME |
| Título uniforme |
Biblia. |
| Nombre de parte o sección de la obra |
Romanos |
| Subdivisión de materia general |
Crítica, interpretación, etc. |
| 700 ## - ASIENTO SECUNDARIO - NOMBRE PERSONAL |
| Nombre personal |
Stott, John R. W., |
| 9 (RLIN) |
1432 |
| Responsabilidad |
editor |
| 830 #0 - PUNTO DE ACCESO ADICIONAL DE SERIE - TÍTULO UNIFORME |
| Título uniforme |
Bible speaks today. |
| 942 ## - TIPO DE MATERIAL (KOHA) |
| Tipo de Item KOHA |
Libros General |
| 945 ## - INFORMACIÓN LOCAL DEL REGISTRO |
| Catalogador |
JTF-925 |